| 000 | 00919nam a22003017a 4500 | ||
|---|---|---|---|
| 001 | 8332 | ||
| 003 | FISKH | ||
| 005 | 20250909135759.0 | ||
| 008 | 250909b cb ||||| |||| 00| 0 eng d | ||
| 020 | _a9780689871566 | ||
| 040 |
_aFISKH _beng _cFISKH _dFISKH |
||
| 050 | _aPZ7.C425212 L | ||
| 082 | _a813 | ||
| 100 | _aCheshire, Mare | ||
| 245 |
_aKay Thomson's Eloise : _bLove & kisses, Eloise / _cStory by Mare Cheshire ; Illustrated by Ted Enik |
||
| 250 | _aThis edition first published in 2005 | ||
| 260 |
_aNew York : _bLittleSimon, _c2005 |
||
| 300 |
_a22 unnumbered pages : _bcolor illustrations ; _c21 cm |
||
| 505 | _aJ | ||
| 520 | _aEloise tells you why she likes Valentine's Day. | ||
| 521 | 8 |
_a430
_bLexile |
|
| 521 | 8 |
_aJ
_bRaz-Plus |
|
| 650 |
_2Picture book _aHolidays |
||
| 650 |
_2Love _aValentine's Day |
||
| 700 |
_aEnik, Ted _dillustrator |
||
| 942 |
_2ddc _cBK _n0 |
||
| 999 |
_c8332 _d8332 |
||